[Event "II Weekend Hotel Corallo B"]
[Site "Imperia ITA"]
[Date "2007.11.17"]
[Round "2"]
[White "Borrelli, Vincenzo"]
[Black "Bianchimani, Sandro"]
[Result "1-0"]
[WhiteElo "1440"]
[BlackElo "1434"]
[PlyCount "57"]
[EventDate "2007.11.16"]

1. e4 e6 2. Nc3 d5 3. d4 c5 4. Nf3 a6 5. Be3 c4 6. Be2 Bb4 7. O-O Bxc3 8. bxc3
dxe4 9. Ne5 b5 10. Bh5 g6 11. Bg4 Nf6 12. Bh3 Nbd7 13. Bf4 Bb7 14. Re1 Nh5 15.
Qd2 Ndf6 16. Bg5 h6 17. Bxh6 Ng8 18. Bg5 f6 19. Nxg6 Rh7 20. Bh4 Ng7 21. Rad1
Qd5 22. Nf4 Qc6 23. Bg3 O-O-O 24. Re2 Ne7 25. Rde1 f5 26. Rf1 e5 27. Rd1 exf4
28. Qxf4 Rd7 29. Qb8# 1-0

[Event "II Weekend Hotel Corallo B"]
[Site "Imperia ITA"]
[Date "2007.11.17"]
[Round "2"]
[White "Mela, Gianluca"]
[Black "Zini, Valerio"]
[Result "1-0"]
[WhiteElo "1440"]
[BlackElo "1500"]
[PlyCount "49"]
[EventDate "2007.11.16"]

1. d4 Nf6 2. Nf3 g6 3. g3 Bg7 4. Bg2 O-O 5. O-O Re8 6. Bf4 d6 7. Re1 Nd5 8. Qc1
Nxf4 9. Qxf4 e5 10. Qd2 exd4 11. Nxd4 c5 12. Nb5 Bxb2 13. Qxd6 Qa5 14. N1c3
Bxa1 15. Rxa1 a6 16. Nd5 axb5 17. Nf6+ Kh8 18. Nxe8 Nd7 19. Bh3 Qc3 20. Rf1 Qe5
21. Qxe5+ Nxe5 22. Bxc8 Rxc8 23. Nd6 Ra8 24. Ra1 Ra7 25. f4 1-0

[Event "II Weekend Hotel Corallo B"]
[Site "Imperia ITA"]
[Date "2007.11.17"]
[Round "2"]
[White "Paganini, Andrea"]
[Black "Brizzi, Matteo"]
[Result "0-1"]
[WhiteElo "1440"]
[BlackElo "1407"]
[PlyCount "88"]
[EventDate "2007.11.16"]

1. e4 e5 2. Nf3 Nc6 3. Bc4 Bc5 4. c3 Nf6 5. d4 Bb6 6. dxe5 Nxe4 7. O-O O-O 8.
b4 Nxf2 9. Rxf2 Bxf2+ 10. Kxf2 h6 11. Qd3 Re8 12. Nbd2 Nxe5 13. Nxe5 Qh4+ 14.
Qg3 Qxg3+ 15. Kxg3 Rxe5 16. Nf3 Re8 17. h4 d6 18. Bf4 Be6 19. Bd3 Bd5 20. Nd4
Rac8 21. a4 Be4 22. Bf1 a6 23. a5 c5 24. bxc5 Rxc5 25. Ra3 Rec8 26. c4 Rd8 27.
Ra4 d5 28. cxd5 Rdxd5 29. Be3 Rxa5 30. Rxa5 Rxa5 31. Kf4 Bd5 32. g3 g5+ 33.
hxg5 hxg5+ 34. Kg4 f6 35. Kh3 b5 36. Nc2 Be6+ 37. Kh2 Ra2 38. Bd3 Bb3 39. Kh3
Bxc2 40. Bf1 Bf5+ 41. g4 Ra3 42. gxf5 Rxe3+ 43. Kg2 Re5 44. Bd3 a5 0-1

[Event "II Weekend Hotel Corallo B"]
[Site "Imperia ITA"]
[Date "2007.11.17"]
[Round "2"]
[White "Rutigliano, Cesare"]
[Black "Pineau, Jean"]
[Result "1-0"]
[WhiteElo "1470"]
[BlackElo "1424"]
[PlyCount "43"]
[EventDate "2007.11.16"]

1. e4 c5 2. Nc3 Nc6 3. f4 e6 4. Nf3 d5 5. exd5 exd5 6. Bb5 Nf6 7. O-O Be7 8.
Ne5 Qb6 9. Qf3 O-O 10. Bxc6 bxc6 11. Kh1 Bf5 12. d3 h6 13. Ne2 Rad8 14. g4 Bh7
15. g5 Ne8 16. gxh6 Rd6 17. hxg7 Nxg7 18. Ng3 Bf6 19. Nh5 Bxe5 20. fxe5 Rdd8
21. Nf6+ Kh8 22. Qh3 1-0

[Event "II Weekend Hotel Corallo B"]
[Site "Imperia ITA"]
[Date "2007.11.17"]
[Round "2"]
[White "Vocaturo, Riccardo"]
[Black "Cattaneo, Rosandro"]
[Result "1-0"]
[WhiteElo "1419"]
[BlackElo "1230"]
[PlyCount "55"]
[EventDate "2007.11.16"]

1. e4 e6 2. d4 d5 3. e5 Bb4+ 4. c3 Ba5 5. Qa4+ Nc6 6. Bb5 Nge7 7. Bg5 O-O 8.
Bxe7 Qxe7 9. Bxc6 Bb6 10. Bb5 c6 11. Bd3 Qg5 12. Qd1 Qxg2 13. Qf3 Qxf3 14. Nxf3
f6 15. exf6 Rxf6 16. Nbd2 Bd7 17. O-O-O a5 18. Ne5 Be8 19. Ng4 Rf8 20. Rhg1 Bh5
21. f3 a4 22. a3 c5 23. dxc5 Bxc5 24. Rg2 d4 25. Rdg1 dxc3 26. Nh6+ Kh8 27.
Rxg7 Bxg1 28. Rxh7# 1-0

[Event "II Weekend Hotel Corallo B"]
[Site "Imperia ITA"]
[Date "2007.11.17"]
[Round "3"]
[White "Cattaneo, Rosandro"]
[Black "Balestra, Adriano"]
[Result "1-0"]
[WhiteElo "1230"]
[BlackElo "1437"]
[PlyCount "146"]
[EventDate "2007.11.16"]

1. d4 d5 2. Nf3 Nc6 3. e3 Nf6 4. Bd3 e6 5. c3 Bd6 6. Nbd2 O-O 7. a3 e5 8. Be2
e4 9. Ne5 Nxe5 10. dxe5 Bxe5 11. f3 c6 12. O-O Qd6 13. f4 Bxf4 14. exf4 Bf5 15.
b4 d4 16. Nc4 Qd5 17. cxd4 Rad8 18. Bb2 b6 19. Ne3 Qe6 20. Nxf5 Qxf5 21. Rc1
Nd5 22. Bg4 Qg6 23. Qe2 f5 24. Bh3 Qd6 25. Qc4 Rc8 26. g3 Kh8 27. b5 Ne3 28.
Qb4 Qxb4 29. axb4 Nxf1 30. Bxf1 cxb5 31. Bxb5 Rxc1+ 32. Bxc1 Rc8 33. Be3 Rc2
34. d5 Kg8 35. Ba4 Rc8 36. Bd7 Rd8 37. Bxf5 Rxd5 38. Be6+ Kf8 39. Bxd5 Ke7 40.
Bxe4 g6 41. Bd4 Ke6 42. Be5 Kd7 43. f5 gxf5 44. Bxf5+ Ke7 45. Bxh7 a5 46. bxa5
bxa5 47. Bc3 a4 48. h4 Kf7 49. Bc2 a3 50. Bb3+ Kg6 51. Kg2 a2 52. Bxa2 Kh6 53.
Bb1 Kh5 54. g4+ Kh6 55. g5+ Kh5 56. Ba2 Kg6 57. Kg3 Kh7 58. Bb1+ Kg8 59. h5 Kf8
60. h6 Kg8 61. h7+ Kf8 62. h8=Q+ Ke7 63. Bf6+ Kd6 64. Qd8+ Kc5 65. Bd4+ Kc4 66.
Ba2+ Kb5 67. Qb6+ Ka4 68. Qa7+ Kb5 69. g6 Kc6 70. g7 Kd6 71. Qc5+ Kd7 72. Qa7+
Kc6 73. g8=Q Kd6 1-0

[Event "II Weekend Hotel Corallo B"]
[Site "Imperia ITA"]
[Date "2007.11.17"]
[Round "3"]
[White "De Luca, Fabio"]
[Black "Rutigliano, Cesare"]
[Result "0-1"]
[WhiteElo "1569"]
[BlackElo "1470"]
[PlyCount "74"]
[EventDate "2007.11.16"]

1. e4 d5 2. exd5 Qxd5 3. Nc3 Qa5 4. d4 Bf5 5. Bc4 c6 6. Nf3 e6 7. O-O Nf6 8.
Re1 Bb4 9. Bd2 O-O 10. a3 Bxc3 11. Bxc3 Qc7 12. h3 Nbd7 13. Nh4 Be4 14. Bd3
Bxd3 15. Qxd3 Rad8 16. Qe2 Nb6 17. Nf3 Nbd5 18. Bd2 Rd7 19. Ne5 Re7 20. Bg5 h6
21. Bh4 b5 22. b3 Ree8 23. c4 bxc4 24. bxc4 Nf4 25. Qf3 N6h5 26. g4 f6 27. Nxc6
g5 28. gxh5 gxh4 29. Qg4+ Kh8 30. Nxa7 Rg8 31. Nb5 Nxh3+ 32. Kg2 Rxg4+ 33. Kxh3
Qf4 34. Rg1 Qf3+ 35. Kh2 Reg8 36. Rxg4 Rxg4 37. Rg1 Qxf2+ 0-1

[Event "II Weekend Hotel Corallo B"]
[Site "Imperia ITA"]
[Date "2007.11.18"]
[Round "4"]
[White "Balestra, Adriano"]
[Black "Saroldi, Andrea"]
[Result "0-1"]
[WhiteElo "1437"]
[BlackElo "1440"]
[PlyCount "114"]
[EventDate "2007.11.16"]

1. e4 e5 2. Nf3 Nc6 3. d4 Nf6 4. d5 Nd4 5. Nxd4 exd4 6. Qxd4 b6 7. Be2 Bc5 8.
Qd3 d6 9. Be3 Bxe3 10. Qxe3 O-O 11. O-O Re8 12. f3 Bb7 13. c4 c6 14. Nc3 cxd5
15. cxd5 a6 16. Rfd1 Rc8 17. Rac1 b5 18. a3 Rb8 19. Qd4 Bc8 20. Na2 Re7 21. Nb4
Bb7 22. Nc6 Bxc6 23. dxc6 Rc7 24. Qxd6 Qxd6 25. Rxd6 Rbc8 26. Rcd1 Kf8 27. Rc1
Ne8 28. Rd2 Rxc6 29. Rxc6 Rxc6 30. Kf2 Nd6 31. Bd3 Nc4 32. Bxc4 Rxc4 33. Ke2
Rc6 34. Kd1 Rh6 35. h3 Rg6 36. Kc2 Ke7 37. Kb3 Ke6 38. Kb4 Ke5 39. a4 bxa4 40.
Kxa4 Kf4 41. b4 Kg3 42. b5 axb5+ 43. Kxb5 Kh2 44. Kc4 Rxg2 45. Rxg2+ Kxg2 46.
Kd4 Kxf3 47. Ke5 f6+ 48. Kf5 Kg3 49. e5 fxe5 50. Kxe5 Kxh3 51. Kf4 Kh4 52. Kf3
h5 53. Kf4 g6 54. Kf3 g5 55. Kf2 Kh3 56. Kf3 g4+ 57. Kf2 Kh2 0-1

[Event "II Weekend Hotel Corallo B"]
[Site "Imperia ITA"]
[Date "2007.11.18"]
[Round "4"]
[White "Brizzi, Matteo"]
[Black "Zini, Valerio"]
[Result "1/2-1/2"]
[WhiteElo "1407"]
[BlackElo "1500"]
[PlyCount "25"]
[EventDate "2007.11.16"]

1. e4 c5 2. Nf3 d6 3. Bb5+ Nd7 4. a4 a6 5. Be2 Ngf6 6. Nc3 b6 7. O-O Bb7 8. d3
h6 9. b3 e6 10. Bb2 Be7 11. Re1 O-O 12. Bf1 Qc7 13. g3 1/2-1/2

[Event "II Weekend Hotel Corallo B"]
[Site "Imperia ITA"]
[Date "2007.11.18"]
[Round "4"]
[White "Moretti, Mario"]
[Black "Bianchimani, Sandro"]
[Result "1/2-1/2"]
[WhiteElo "1445"]
[BlackElo "1434"]
[PlyCount "88"]
[EventDate "2007.11.16"]

1. e4 e6 2. Nf3 d5 3. exd5 exd5 4. d4 Nf6 5. Bg5 Nbd7 6. Bd3 Be7 7. O-O O-O 8.
Nc3 c6 9. Re1 Re8 10. Qd2 Ng4 11. Bxe7 Rxe7 12. Rxe7 Qxe7 13. Re1 Qd8 14. Qe2
Ndf6 15. Qe7 Qxe7 16. Rxe7 Be6 17. Rxb7 Nd7 18. Ng5 g6 19. Nxe6 Ndf6 20. Ng5
Nh6 21. Rc7 Re8 22. Kf1 Nfg4 23. Nf3 Rb8 24. b3 f5 25. Rxc6 Nf7 26. Nxd5 Rd8
27. Nf6+ Nxf6 28. Rxf6 Kg7 29. Ra6 Rd7 30. Ne5 Nxe5 31. dxe5 Re7 32. f4 Kh6 33.
Kf2 Kh5 34. Kg3 Rf7 35. Be2+ Kh6 36. h4 Rd7 37. Bd3 Kg7 38. Kf3 Kf7 39. g4
fxg4+ 40. Kxg4 Kg7 41. h5 gxh5+ 42. Kxh5 Rf7 43. f5 h6 44. f6+ Kh8 1/2-1/2

[Event "II Weekend Hotel Corallo B"]
[Site "Imperia ITA"]
[Date "2007.11.18"]
[Round "4"]
[White "Vocaturo, Riccardo"]
[Black "De Luca, Fabio"]
[Result "1-0"]
[WhiteElo "1419"]
[BlackElo "1569"]
[PlyCount "111"]
[EventDate "2007.11.16"]

1. e4 c5 2. Nf3 d6 3. Bb5+ Bd7 4. a4 a6 5. Be2 Nc6 6. O-O g6 7. c3 Bg7 8. d4
cxd4 9. cxd4 Qb6 10. Nc3 Nxd4 11. Nxd4 Qxd4 12. Qb3 Qa7 13. Be3 Qb8 14. Nd5 Be6
15. Bc4 Qd8 16. Bb6 Qd7 17. Nc7+ Kf8 18. Bxe6 fxe6 19. Nxa8 Nf6 20. Nc7 Kf7 21.
Rfe1 Rc8 22. Rac1 Bh6 23. Rc2 Bf4 24. g3 Bh6 25. e5 Ne8 26. Nxe8 Qxe8 27. Rxc8
Qxc8 28. exd6 exd6 29. Qc3 Qd7 30. Qc7 Qxc7 31. Bxc7 d5 32. Be5 Bf8 33. Rc1 b6
34. Rc7+ Ke8 35. Rxh7 Bc5 36. Rh4 Kf7 37. b4 Be7 38. Rg4 Bf8 39. Rf4+ Ke8 40.
Rf6 Bg7 41. Rxe6+ Kf7 42. Bxg7 Kxe6 43. h4 Kf5 44. Kg2 Ke4 45. f3+ Ke3 46. g4
Kf4 47. Bd4 b5 48. axb5 axb5 49. Kh3 Kxf3 50. h5 Kf4 51. hxg6 Kg5 52. g7 Kh6
53. Be5 Kh7 54. Kg3 Kh6 55. g8=Q d4 56. Qg7# 1-0

[Event "II Weekend Hotel Corallo B"]
[Site "Imperia ITA"]
[Date "2007.11.18"]
[Round "5"]
[White "De Luca, Fabio"]
[Black "Schieppati, Fulvio"]
[Result "1-0"]
[WhiteElo "1569"]
[BlackElo "1423"]
[PlyCount "120"]
[EventDate "2007.11.16"]

1. e4 e5 2. Nf3 d6 3. d4 exd4 4. Nxd4 Bd7 5. Bc4 Nc6 6. Nc3 Nxd4 7. Qxd4 Qf6 8.
Be3 Qxd4 9. Bxd4 c5 10. Be3 a6 11. Nd5 O-O-O 12. O-O-O f6 13. Bf4 Bc6 14. Rd2
Bxd5 15. Bxd5 Ne7 16. Be6+ Kc7 17. Rhd1 Ng6 18. Bg3 h5 19. h3 h4 20. Bh2 Be7
21. Rd3 Ne5 22. Rc3 b5 23. f4 b4 24. Rcd3 Nc6 25. Bc4 a5 26. Bd5 Rh6 27. Re3 g5
28. fxg5 fxg5 29. Bxc6 Kxc6 30. e5 d5 31. Rf3 Re6 32. Re1 d4 33. Kd2 Kd5 34.
Rf5 a4 35. Kd3 c4+ 36. Ke2 Rg8 37. Kf3 c3 38. bxc3 dxc3 39. Rb1 Kc4 40. Ke4 Rd8
41. Rf2 Rg8 42. Kf5 Reg6 43. Re2 g4 44. Re4+ Kd5 45. Rxg4 Rxg4 46. hxg4 Rf8+
47. Kg6 Rf2 48. Rd1+ Kc4 49. Rd7 Bc5 50. e6 Rxc2 51. e7 Bxe7 52. Rxe7 Rxg2 53.
Rc7+ Kd3 54. Rd7+ Kc2 55. Bf4 Rxg4+ 56. Kf5 Rg2 57. Rh7 Kb2 58. Rxh4 c2 59. Rh1
Kxa2 60. Be5 b3 1-0

[Event "II Weekend Hotel Corallo B"]
[Site "Imperia ITA"]
[Date "2007.11.18"]
[Round "5"]
[White "Mela, Gianluca"]
[Black "Moretti, Mario"]
[Result "1-0"]
[WhiteElo "1440"]
[BlackElo "1445"]
[PlyCount "65"]
[EventDate "2007.11.16"]

1. d4 e6 2. e3 d5 3. Bd3 Bd6 4. Nd2 Nc6 5. c3 Nf6 6. f4 O-O 7. Ngf3 g6 8. Ne5
Bxe5 9. dxe5 Nh5 10. g4 Ng7 11. Qf3 Qh4+ 12. Ke2 Qe7 13. e4 d4 14. Nb3 Rd8 15.
Bb5 dxc3 16. Qxc3 Bd7 17. Be3 Qb4 18. Qxb4 Nxb4 19. Bxd7 Rxd7 20. Nc5 Re7 21.
Nxb7 Rb8 22. Bc5 Rd7 23. Bxb4 Rxb7 24. a3 Ne8 25. Rhd1 c6 26. h4 f6 27. f5 Kf7
28. Kf3 fxe5 29. Rxd7+ Rxd7 30. Rc1 Rc7 31. Rc5 Rd7 32. Rxc6 Rd3+ 33. Kg2 1-0

[Event "II Weekend Hotel Corallo B"]
[Site "Imperia ITA"]
[Date "2007.11.18"]
[Round "5"]
[White "Paganini, Andrea"]
[Black "Balestra, Adriano"]
[Result "1-0"]
[WhiteElo "1440"]
[BlackElo "1437"]
[PlyCount "69"]
[EventDate "2007.11.16"]

1. e4 e5 2. Nf3 d6 3. Bc4 Be7 4. c3 Be6 5. Bxe6 fxe6 6. d4 exd4 7. cxd4 Nf6 8.
Nc3 O-O 9. Qb3 Qc8 10. Ng5 d5 11. exd5 exd5 12. Nxd5 Nxd5 13. Qxd5+ Kh8 14.
Nf7+ Kg8 15. Nd6+ Kh8 16. Nxc8 Rxc8 17. O-O Nc6 18. Bf4 Bd6 19. Bxd6 cxd6 20.
Rac1 Rd8 21. Qf7 Nxd4 22. Rc7 Rg8 23. Re1 Nc6 24. Rd1 Rae8 25. h4 Ne5 26. Qb3
Rgf8 27. Qxb7 Ng4 28. f3 Nf6 29. Rxd6 Rg8 30. Rxf6 Rb8 31. Qe4 Rbe8 32. Qc2
Re1+ 33. Kh2 Ree8 34. Rh6 g6 35. Qxg6 1-0

[Event "II Weekend Hotel Corallo B"]
[Site "Imperia ITA"]
[Date "2007.11.18"]
[Round "5"]
[White "Saroldi, Andrea"]
[Black "Cattaneo, Rosandro"]
[Result "1-0"]
[WhiteElo "1440"]
[BlackElo "1230"]
[PlyCount "105"]
[EventDate "2007.11.16"]

1. d4 d5 2. Bf4 e6 3. Nc3 Nf6 4. Nb5 Bd6 5. Bxd6 cxd6 6. e3 Qa5+ 7. c3 Bd7 8.
Nxd6+ Ke7 9. Nxb7 Qb6 10. Nc5 Bc8 11. b4 Rd8 12. a4 a5 13. b5 Ne4 14. Nxe4 dxe4
15. c4 e5 16. c5 Qe6 17. Ne2 Qc4 18. g3 Qb4+ 19. Qd2 Qxd2+ 20. Kxd2 f5 21. h3
f4 22. Kc3 f3 23. Nc1 Be6 24. Bc4 exd4+ 25. exd4 Bxc4 26. Kxc4 Rf8 27. Ra3 Rf6
28. Re3 Re6 29. Rhe1 Kf6 30. Rxe4 Rxe4 31. Rxe4 g5 32. g4 Nd7 33. Re3 Kg6 34.
Rxf3 Nf6 35. c6 Ne4 36. Nb3 h5 37. b6 Nd6+ 38. Kc5 Ne4+ 39. Kc4 Nd6+ 40. Kd5
Nc8 41. b7 Ne7+ 42. Kd6 Nc8+ 43. bxc8=Q Rxc8 44. Kd7 Rh8 45. c7 Ra8 46. c8=Q
Ra7+ 47. Ke8 hxg4 48. hxg4 Kg7 49. Qf5 Ra8+ 50. Kd7 Ra7+ 51. Kc6 Re7 52. Qxg5+
Kh7 53. Rh3# 1-0

[Event "XIX Festival A"]
[Site "Lucca ITA"]
[Date "2007.12.21"]
[Round "1"]
[White "Mola, Pietro"]
[Black "Giuntoli, Andrea"]
[Result "1-0"]
[WhiteElo "2256"]
[BlackElo "2017"]
[PlyCount "69"]
[EventDate "2007.12.21"]

1. Nf3 Nf6 2. c4 g6 3. g3 Bg7 4. Bg2 O-O 5. O-O d6 6. d4 Nbd7 7. Nc3 c5 8. d5
Nb6 9. Nd2 Ng4 10. Qb3 a5 11. a4 Bd7 12. h3 Nf6 13. e4 Ne8 14. Nf3 Bxc3 15.
Qxc3 Nxa4 16. Qc2 Nb6 17. Bh6 Ng7 18. e5 dxe5 19. Nxe5 f6 20. Nxd7 Qxd7 21.
Rfe1 Rf7 22. Be3 Qc7 23. Bf4 Qd7 24. Qb3 Nc8 25. Qc3 b6 26. d6 Ra7 27. dxe7
Nxe7 28. Rad1 Qf5 29. Rd8+ Rf8 30. Rxf8+ Kxf8 31. Be4 Qd7 32. Qxf6+ Kg8 33. Bh6
Ne6 34. Bc2 Nc8 35. Rxe6 1-0

[Event "XIX Festival A"]
[Site "Lucca ITA"]
[Date "2007.12.21"]
[Round "1"]
[White "Scalcione, Michelangelo"]
[Black "Donatini, Andrea"]
[Result "1-0"]
[WhiteElo "2357"]
[BlackElo "2044"]
[PlyCount "87"]
[EventDate "2007.12.21"]

1. Nf3 Nf6 2. c4 c5 3. d4 cxd4 4. Nxd4 Nc6 5. Nc3 g6 6. e4 Bg7 7. Be3 d6 8. Be2
Nxd4 9. Bxd4 O-O 10. O-O b6 11. f3 Bb7 12. Qd2 a6 13. b4 Qc7 14. Rfc1 Rfc8 15.
Qb2 Bh6 16. Rc2 Nd7 17. g3 Ne5 18. Nd5 Bxd5 19. exd5 Rab8 20. f4 Nd7 21. Bd3 a5
22. a3 axb4 23. axb4 Nc5 24. Bf1 Ne4 25. Re1 Nf6 26. Bh3 Re8 27. Qb3 Bg7 28.
Rce2 Ra8 29. Ra2 Ra7 30. Rxa7 Qxa7 31. Ra1 Qc7 32. Qa4 Rb8 33. Qc6 Qb7 34. Qxb7
Rxb7 35. Ra8+ Bf8 36. Bc8 Rc7 37. Ba6 Nd7 38. Bb5 e6 39. dxe6 fxe6 40. Rd8 e5
41. Bb2 Nf6 42. fxe5 dxe5 43. Bxe5 Rf7 44. c5 1-0

[Event "XIX Festival A"]
[Site "Lucca ITA"]
[Date "2007.12.21"]
[Round "1"]
[White "Valbuena, Oliver"]
[Black "Sciortino, Massimo"]
[Result "1/2-1/2"]
[WhiteElo "2000"]
[BlackElo "2221"]
[PlyCount "129"]
[EventDate "2007.12.21"]

1. e4 d6 2. d4 Nf6 3. Nc3 g6 4. Be3 c6 5. Qd2 b5 6. f3 Qa5 7. b3 Nbd7 8. g4 Bg7
9. Nge2 b4 10. Na4 c5 11. Ng3 cxd4 12. Bxd4 Ne5 13. Be2 Ba6 14. g5 Bxe2 15.
Kxe2 Qb5+ 16. Kf2 Nh5 17. Rad1 O-O 18. Nxh5 gxh5 19. f4 Ng4+ 20. Kf3 e5 21. h3
exd4 22. hxg4 hxg4+ 23. Kxg4 f5+ 24. gxf6 Rxf6 25. Nb2 Raf8 26. Nd3 a5 27. Rh2
Rg6+ 28. Kf3 Qg5 29. Rdh1 Qg4+ 30. Kf2 Re8 31. Qe2 Qxe2+ 32. Kxe2 Rxe4+ 33. Kd1
h6 34. Rh5 Rg2 35. Rxa5 Ree2 36. Ra8+ Kh7 37. Rc8 Re4 38. Nxb4 Rxf4 39. Nd3 Rf7
40. a4 Bf6 41. a5 Bg5 42. b4 Re7 43. b5 Rd2+ 44. Kc1 Rxd3+ 45. Kb2 Rc3 46. Rxc3
dxc3+ 47. Kxc3 Ra7 48. Kb4 Bd2+ 49. c3 Bxc3+ 50. Kxc3 Rxa5 51. Rb1 Kg6 52. Kd4
Kf6 53. b6 Ra8 54. b7 Rb8 55. Kd5 h5 56. Kxd6 Kg5 57. Kc7 Rh8 58. b8=Q Rxb8 59.
Rxb8 h4 60. Kd6 Kf4 61. Rf8+ Kg3 62. Ke5 h3 63. Rg8+ Kf3 64. Rf8+ Kg2 65. Rg8+
1/2-1/2

[Event "XIX Festival A"]
[Site "Lucca ITA"]
[Date "2007.12.22"]
[Round "2"]
[White "Barberi, Alessandro"]
[Black "Paolinelli, Giacomo"]
[Result "0-1"]
[WhiteElo "2157"]
[BlackElo "2073"]
[PlyCount "52"]
[EventDate "2007.12.21"]

1. d4 d5 2. Nf3 c6 3. b3 Nf6 4. Bb2 Bf5 5. Nbd2 e6 6. e3 Nbd7 7. Be2 h6 8. O-O
Bd6 9. Ne5 Qe7 10. f4 Ne4 11. c4 Ndf6 12. c5 Bc7 13. Nxe4 dxe4 14. b4 Nd5 15.
Qb3 Bxe5 16. dxe5 g5 17. g4 gxf4 18. gxf5 Qg5+ 19. Kh1 f3 20. Bxf3 exf3 21.
Rxf3 O-O-O 22. Rg1 Qh5 23. e4 Nxb4 24. Rh3 Qe2 25. Qxb4 Rhg8 26. Qe1 Rxg1+ 0-1

[Event "XIX Festival A"]
[Site "Lucca ITA"]
[Date "2007.12.22"]
[Round "2"]
[White "Corso, Roberto"]
[Black "Scalcione, Michelangelo"]
[Result "0-1"]
[WhiteElo "2096"]
[BlackElo "2357"]
[PlyCount "60"]
[EventDate "2007.12.21"]

1. d4 d6 2. c4 e5 3. d5 g6 4. e4 a5 5. Nc3 Bd7 6. Be3 Bh6 7. Bxh6 Nxh6 8. Qd2
Ng8 9. f4 exf4 10. Qxf4 Qf6 11. Qe3 Na6 12. Nf3 Qe7 13. Bd3 Nf6 14. h3 Nc5 15.
O-O-O O-O-O 16. Bc2 Rhe8 17. Rhe1 Ng8 18. Qd4 f6 19. g4 Nh6 20. g5 fxg5 21. e5
dxe5 22. Rxe5 Qd6 23. Rde1 Rxe5 24. Rxe5 Nf5 25. Bxf5 Bxf5 26. Nb5 Nd3+ 27. Kd1
Qb6 28. d6 Nxe5 29. Qxe5 Rxd6+ 30. Ke2 Bd3+ 0-1

[Event "XIX Festival A"]
[Site "Lucca ITA"]
[Date "2007.12.22"]
[Round "2"]
[White "Gazzarri, Alberto"]
[Black "Riccio, Eros"]
[Result "1/2-1/2"]
[WhiteElo "2077"]
[BlackElo "2178"]
[PlyCount "65"]
[EventDate "2007.12.21"]

1. e4 c5 2. c3 Nf6 3. e5 Nd5 4. d4 cxd4 5. cxd4 d6 6. Nf3 Nc6 7. Bc4 Nb6 8. Bb5
dxe5 9. Nxe5 Bd7 10. Nxc6 Bxc6 11. Bxc6+ bxc6 12. O-O e6 13. Be3 Be7 14. Nd2
O-O 15. Rc1 Qd5 16. Qb3 Rac8 17. Rc2 Rfd8 18. Rfc1 Bf6 19. Rc5 Qd7 20. Nf3 Nd5
21. Qa4 Qb7 22. R5c2 Ne7 23. a3 Rd5 24. h3 Rcd8 25. b4 g6 26. Rc4 Kg7 27. Ne5
Bxe5 28. dxe5 R8d7 29. Rc5 Qb8 30. Bg5 Qxe5 31. Bxe7 Rxe7 32. Rxc6 Rd2 33. R6c2
1/2-1/2

[Event "XIX Festival A"]
[Site "Lucca ITA"]
[Date "2007.12.22"]
[Round "3"]
[White "Bernardini, Luca"]
[Black "Sciortino, Massimo"]
[Result "1-0"]
[WhiteElo "1883"]
[BlackElo "2221"]
[PlyCount "113"]
[EventDate "2007.12.21"]

1. e4 d6 2. d4 Nf6 3. Bd3 g6 4. c3 Bg7 5. Ne2 O-O 6. O-O Nc6 7. f4 e5 8. fxe5
dxe5 9. d5 Nb8 10. Bg5 c6 11. Kh1 cxd5 12. exd5 Nbd7 13. h3 Qb6 14. c4 e4 15.
Bc2 Qxb2 16. Nbc3 Qb4 17. Bb3 Nh5 18. Rc1 f5 19. d6 Nhf6 20. Nd5 Nxd5 21. Qxd5+
Kh8 22. Be7 Nb6 23. Qd1 Be6 24. c5 Bxb3 25. axb3 Nd7 26. Bxf8 Rxf8 27. Nf4 Re8
28. Nd5 Qd4 29. Qxd4 Bxd4 30. c6 bxc6 31. Rxc6 Nb6 32. Nxb6 Bxb6 33. d7 Rd8 34.
Rd1 Kg7 35. Rc8 Kf7 36. Rxd8 Bxd8 37. Kg1 Ke7 38. Kf1 f4 39. Rd4 g5 40. Ke2 e3
41. Rd3 Ke6 42. Kf3 h5 43. g3 Ke5 44. gxf4+ gxf4 45. Rd1 h4 46. Rd3 Ke6 47.
Kxf4 e2 48. Re3+ Kxd7 49. Rxe2 Bc7+ 50. Kg4 Bg3 51. Ra2 Kc6 52. Rxa7 Kb5 53.
Ra4 Bf2 54. Kh5 Kc6 55. Rxh4 Kd7 56. Rg4 Ke6 57. Kg6 1-0

[Event "XIX Festival A"]
[Site "Lucca ITA"]
[Date "2007.12.22"]
[Round "3"]
[White "Donati, Roberto"]
[Black "Paolinelli, Giacomo"]
[Result "0-1"]
[WhiteElo "2153"]
[BlackElo "2073"]
[PlyCount "144"]
[EventDate "2007.12.21"]

1. d4 d5 2. e3 c6 3. Nd2 Nf6 4. Ngf3 Bf5 5. c4 e6 6. cxd5 exd5 7. Qb3 Qb6 8.
Qxb6 axb6 9. Nh4 Bc2 10. g3 Na6 11. Bxa6 Rxa6 12. O-O Bd6 13. Ndf3 O-O 14. Ne1
Bb3 15. Nd3 Rfa8 16. a3 b5 17. Re1 b4 18. Nf5 Bf8 19. Ne5 g6 20. Nh4 b5 21.
Nhf3 Ne4 22. Nd7 Be7 23. Nfe5 bxa3 24. bxa3 Bb4 25. Rf1 Bc3 26. f3 Bc4 27. Nxc4
Bxa1 28. Nce5 Nd6 29. Bd2 Bb2 30. Nc5 Rxa3 31. Nxc6 Nc4 32. Bb4 Rxe3 33. Nd7
Re6 34. Ne7+ Kg7 35. Nxd5 Bxd4+ 36. Kh1 Rd8 37. Rd1 Rxd7 38. Rxd4 f6 39. Nf4
Red6 40. Bxd6 Rxd6 41. Re4 Ne5 42. Re3 g5 43. Nh5+ Kg6 44. g4 Rd1+ 45. Kg2 Rd2+
46. Kg1 b4 47. Rb3 Nd3 48. Ng3 Rd1+ 49. Kg2 Rd2+ 50. Kg1 Rd1+ 51. Kg2 Nf4+ 52.
Kf2 Nd5 53. Nf5 h5 54. h3 Rd2+ 55. Kg1 Nf4 56. Ne3 Nxh3+ 57. Kh1 Nf2+ 58. Kg1
Nh3+ 59. Kh1 Rd3 60. Rxd3 Nf2+ 61. Kg2 Nxd3 62. gxh5+ Kxh5 63. Nd5 f5 64. Ne3
b3 65. Nd1 b2 66. Nc3 Ne1+ 67. Kf2 Nc2 68. Nb1 Kh4 69. Kg2 f4 70. Kf2 Kh3 71.
Ke2 Kg2 72. Kd3 Ne1+ 0-1

[Event "XIX Festival A"]
[Site "Lucca ITA"]
[Date "2007.12.22"]
[Round "3"]
[White "Scalcione, Michelangelo"]
[Black "Vincenzi, Marco"]
[Result "1-0"]
[WhiteElo "2357"]
[BlackElo "2081"]
[PlyCount "93"]
[EventDate "2007.12.21"]

1. Nf3 Nf6 2. c4 e6 3. Nc3 Bb4 4. Qc2 O-O 5. a3 Bxc3 6. Qxc3 b6 7. d3 d5 8. Bg5
c5 9. Bxf6 Qxf6 10. Qxf6 gxf6 11. cxd5 exd5 12. b4 Bg4 13. bxc5 Bxf3 14. gxf3
bxc5 15. Rg1+ Kh8 16. Rd1 Na6 17. d4 Rfc8 18. e3 c4 19. Bh3 Rcb8 20. Bd7 Rg8
21. Rxg8+ Kxg8 22. Bc6 Rd8 23. Kd2 Rd6 24. Ba4 Nc7 25. Rb1 Ra6 26. Rb4 Ra5 27.
Rb8+ Kg7 28. Bd7 Rxa3 29. Rb7 Ra2+ 30. Kc3 Rxf2 31. Rxc7 Rxf3 32. Kd2 Rf2+ 33.
Kd1 Kf8 34. Bc6 Rxh2 35. Bxd5 c3 36. Rxf7+ Ke8 37. Rxa7 h5 38. Ra2 Rh3 39. Re2
Ke7 40. Kc2 Kd6 41. Be4 Ke6 42. Kxc3 f5 43. Bb7 Kd6 44. Kd2 Rg3 45. Rg2 f4 46.
Rxg3 fxg3 47. Bg2 1-0

[Event "XIX Festival A"]
[Site "Lucca ITA"]
[Date "2007.12.22"]
[Round "3"]
[White "Valbuena, Oliver"]
[Black "Tocchioni, Doriano"]
[Result "0-1"]
[WhiteElo "2000"]
[BlackElo "2290"]
[PlyCount "47"]
[EventDate "2007.12.21"]

1. e4 c6 2. d4 d5 3. Nc3 a6 4. exd5 cxd5 5. Nce2 Nc6 6. c3 Nf6 7. Ng3 Bg4 8.
Be2 h5 9. Bg5 h4 10. Bxg4 hxg3 11. fxg3 Ne4 12. Nf3 Nxg3 13. Rg1 Ne4 14. Qb3
Na5 15. Qa4+ b5 16. Qc2 Nxg5 17. Nxg5 e6 18. h4 Rxh4 19. Nxf7 Kxf7 20. Rf1+ Ke7
21. Qg6 Rh6 22. Qf7+ Kd6 23. O-O-O Qg5+ 24. Qf4+ 0-1

[Event "XIX Festival A"]
[Site "Lucca ITA"]
[Date "2007.12.23"]
[Round "4"]
[White "Barberi, Alessandro"]
[Black "Vincenzi, Marco"]
[Result "1-0"]
[WhiteElo "2157"]
[BlackElo "2081"]
[PlyCount "65"]
[EventDate "2007.12.21"]

1. d4 Nf6 2. Nf3 c5 3. e3 e6 4. b3 b6 5. Bb2 Bb7 6. Nbd2 Be7 7. Bd3 cxd4 8.
exd4 Nd5 9. c4 Nf4 10. Bf1 Rg8 11. g3 g5 12. gxf4 g4 13. Rg1 Nc6 14. Ne5 f5 15.
h3 Nxe5 16. fxe5 h5 17. hxg4 hxg4 18. Bg2 Qc7 19. Bxb7 Qxb7 20. Qe2 Kf7 21.
O-O-O Bg5 22. Kb1 Bf4 23. Nf1 Rh8 24. d5 Rh3 25. Rxg4 fxg4 26. Qxg4 Rah8 27.
Qxf4+ Ke8 28. Ng3 Qa8 29. dxe6 dxe6 30. Ne4 Rh1 31. Nf6+ Kf7 32. Nd5+ Kg7 33.
Qf6+ 1-0